| 000 | 00464 a2200169 4500 | ||
|---|---|---|---|
| 005 | 20250613103124.0 | ||
| 020 | _a0-07-287002-8 | ||
| 082 | _a657LAR | ||
| 100 | _aLARSON, D. K. | ||
| 245 | _aFundamental Accounting Principles | ||
| 250 | _a17th Ed. | ||
| 260 |
_aNew York, _bMcGraw-Hill, _c2005. |
||
| 300 |
_axxix,1020p.:ill.;pictures,tables _bAppendix, Glossary, Index _c28cm |
||
| 700 | _aWILD.J, John , | ||
| 700 | _a CHIAPPETTA. Barbara | ||
| 942 |
_2ddc _cBKS |
||
| 999 |
_c3571 _d3571 |
||